00266nam a2200097 a 450000500170000000800410001705000250005824500310008344000280011465000260014220140414093843.0090422s19uu xx uuu eng d aDVD 940.53bROA 2005 aRoad to War :bJapan, USA. aHistory of World War II aWorld War, 1939-1945.